Where was This Battle (Europe) - Map Quiz - Statistics

General Stats
  • This quiz has been taken 108 times
  • The average score is 8 of 15
Answers on the Map
Answers color-coded by a green-red scale on the quiz's map according to % correct below.
 
Answer Stats
Answer % Correct
Battle of Agincourt
87%
Battle of Thermopylae
79%
Battle of Hastings
78%
Battle of Waterloo
78%
Battle of Zeeland
70%
Battle of Salamanca
57%
Battle of Valdevez
57%
Battle of Austerlitz
56%
Battle of Cannae
47%
Battle of Dybbøl
45%
Battle of the Boyne
43%
Battle of Aspern-Essling
42%
Battle of Blenheim
29%
Battle of Westerplatte
29%
Battle of Morgarten
19%
No matching quizzes found
Score Distribution
Percent of People with Each Score
Percentile by Number Answered
Your Score History
You have not taken this quiz